| 000 | 00562nam a2200217 a 4500 | ||
|---|---|---|---|
| 999 |
_c4965 _d4965 |
||
| 001 | 4965 | ||
| 003 | BD-JhCC | ||
| 005 | 20180328180212.0 | ||
| 008 | 171206s1968 uk |||| |||| 000 0 eng d | ||
| 035 | _a(BD-JhCC) 4965 | ||
| 040 |
_aBD-JhCC _dBD-JhCC |
||
| 041 | _aeng | ||
| 082 |
_a425 _bHER 1968 |
||
| 100 | _aHerrington, J.O.A | ||
| 245 |
_aEnglish for First Examinations / _c J.O.A Herrington |
||
| 260 |
_aLondon : _bHeinemann educational books, _c1968. |
||
| 300 |
_a239 p. : _c20 cm. |
||
| 650 | _aEnglish Grammar | ||
| 942 |
_2ddc _cBK |
||